000 00781nam a22002057a 4500
999 _c62551
_d62551
005 20241205164709.0
008 241205s2014 ru ||||| |||| 00| 0 r d
020 _a9785932862179x
041 _arus
080 _a005:004 Д-30
100 _aДемарко, Том
_923868
245 _aЧеловеческий фактор. Успешные проекты и команды /
_cТом Демарко и Тимоти Листер.
250 _a3-е изд.
264 _aСанкт-Петербург :
_bСимвол-Плюс,
_c2014.
300 _a288 стр. ;
_b21 см.
653 _aმენეჯმენტი
653 _aპროგრამირება
700 _aЛистер, Тимоти
_eავტორი
_923869
942 _2udc
_cᲬᲘᲒᲜᲘ